[Event "Toronto"]
[Site "Toronto"]
[Date "2022.11.21"]
[Round "9"]
[White "Gavrilin, Roman"]
[Black "Malakhovets, Sergey"]
[Result "1/2-1/2"]
[WhiteElo "2113"]
[BlackElo "1957"]
[PlyCount "41"]
[EventDate "2022.09.12"]
[EventType "tourn"]
[EventRounds "9"]
[EventCountry "CAN"]
[SourceTitle "EXT 2024"]
[Source "ChessBase"]
[SourceDate "2023.10.10"]
[SourceVersion "1"]
[SourceVersionDate "2023.10.10"]
[SourceQuality "1"]

1. e4 c5 2. Nf3 Nc6 3. Nc3 g6 4. d4 cxd4 5. Nxd4 Bg7 6. Be3 Nf6 7. Bc4 0-0 8. Bb3 Qa5 9. f3 d5 10. exd5 Nb4 11. Qd2 Rd8 12. 0-0-0 Nbxd5 13. Nxd5 Qxd2+ 14. Rxd2 Nxd5 15. Nb5 Be6 16. Bxd5 Rxd5 17. Rxd5 Bxd5 18. Nc7 Rd8 19. Rd1 e6 20. Nxd5 exd5 21. Bxa7 1/2-1/2

[Event "Toronto"]
[Site "Toronto"]
[Date "2022.11.07"]
[Round "8"]
[White "Malakhovets, Sergey"]
[Black "Huang, Youhe"]
[Result "0-1"]
[WhiteElo "1957"]
[BlackElo "1968"]
[PlyCount "100"]
[EventDate "2022.09.12"]
[EventType "tourn"]
[EventRounds "9"]
[EventCountry "CAN"]
[SourceTitle "EXT 2024"]
[Source "ChessBase"]
[SourceDate "2023.10.10"]
[SourceVersion "1"]
[SourceVersionDate "2023.10.10"]
[SourceQuality "1"]

1. d4 Nf6 2. Nf3 e6 3. Bf4 c5 4. e3 cxd4 5. exd4 Be7 6. Nc3 0-0 7. Bd3 b6 8. 0-0 Ba6 9. a4 Bxd3 10. Qxd3 Nc6 11. Ne2 Nb4 12. Qd2 Rc8 13. c3 Nbd5 14. Qd3 Nxf4 15. Nxf4 Qc7 16. Ne2 Qb7 17. Ng3 g6 18. Rfe1 d6 19. Nf1 Rfe8 20. N1d2 Bf8 21. Ne4 Nxe4 22. Rxe4 Bg7 23. Rae1 Re7 24. h4 Rec7 25. h5 Qd5 26. hxg6 hxg6 27. Qb5 Rc4 28. Qd7 Qc6 29. Qe7 Re8 30. Qh4 Qxa4 31. Ng5 e5 32. dxe5 Rxe5 33. Rxc4 Rxe1+ 34. Kh2 Qd7 35. Re4 Rxe4 36. Qxe4 Bf6 37. Nf3 Kg7 38. Qa8 Qb5 39. Nd4 Be5+ 40. g3 Qxb2 41. Kg2 Qxc3 42. Nf3 a5 43. Qb7 Qb2 44. Ng5 Qb3 45. Qe4 Bf6 46. Nf3 a4 47. g4 a3 48. g5 Bb2 49. Qf4 a2 50. Nd4 Qd5+ 0-1

[Event "Toronto Ontario op"]
[Site "Toronto"]
[Date "2022.05.22"]
[Round "4"]
[White "Malakhovets, Sergey"]
[Black "Gao, Raymond"]
[Result "0-1"]
[WhiteElo "1939"]
[BlackElo "1844"]
[PlyCount "122"]
[EventDate "2022.05.21"]
[EventType "swiss"]
[EventRounds "6"]
[EventCountry "CAN"]
[SourceTitle "CBM 209 Extra"]
[Source "ChessBase"]
[SourceDate "2022.09.30"]
[SourceVersion "1"]
[SourceVersionDate "2022.09.30"]
[SourceQuality "1"]

1. d4 Nf6 2. Nf3 c5 3. d5 b5 4. e4 Nxe4 5. Bd3 Nd6 6. 0-0 g6 7. Bf4 Qb6 8. Re1 Bg7 9. Qe2 e6 10. Be5 0-0 11. Bxg7 Kxg7 12. dxe6 fxe6 13. Qe5+ Kg8 14. Nc3 Bb7 15. Rad1 Bxf3 16. gxf3 Nf5 17. Qe4 Nd4 18. Re3 Nbc6 19. Kg2 Ne7 20. Qg4 Nef5 21. Bxf5 Rxf5 22. Ne2 Qd8 23. Ng3 Rf7 24. c3 Nf5 25. Nxf5 Rxf5 26. h4 Qe7 27. Rh1 Raf8 28. Rh3 Rf4 29. Qg5 Qxg5+ 30. hxg5 R8f5 31. Rg3 Kf7 32. Kf1 d5 33. Ke2 e5 34. Rg2 a5 35. Rh2 Kg7 36. Rd3 d4 37. cxd4 exd4 38. Ra3 a4 39. Rh3 Rxg5 40. b3 Re5+ 41. Kd2 axb3 42. axb3 h5 43. Ra7+ Kh6 44. Ra6 c4 45. bxc4 bxc4 46. Rd6 d3 47. Rg3 Rg5 48. Ke3 Rf7 49. f4 Re7+ 50. Kd4 Rxg3 51. fxg3 Rc7 52. Kc3 Rc5 53. Rd7 Rc6 54. Rd5 Kg7 55. Rd8 Kf6 56. Rd5 Rc7 57. Rd6+ Kf5 58. Rd5+ Ke4 59. Re5+ Kf3 60. f5 Rd7 61. fxg6 d2 0-1

[Event "Pan American-ch Seniors 50"]
[Site "Neiva"]
[Date "2017.10.14"]
[Round "6"]
[White "Carvalho, Herbert Abreu"]
[Black "Malakhovets, Sergey"]
[Result "1-0"]
[WhiteElo "2153"]
[BlackElo "1926"]
[PlyCount "93"]
[EventDate "2017.10.11"]
[EventType "swiss"]
[EventRounds "9"]
[EventCountry "COL"]
[SourceTitle "CBM 181 Extra"]
[Source "ChessBase"]
[SourceDate "2017.12.12"]
[SourceVersion "1"]
[SourceVersionDate "2017.12.12"]
[SourceQuality "1"]

1. d4 d5 2. c4 c6 3. Nf3 Nf6 4. g3 Bf5 5. cxd5 cxd5 6. Nc3 Nc6 7. Bg2 e6 8. Nh4 Bg4 9. h3 Bh5 10. g4 Bg6 11. Nxg6 hxg6 12. Qd3 Bd6 13. Bg5 Qb6 14. Qb5 Qc7 15. Qa4 Bf4 16. Nb5 Qb8 17. Bxf4 Qxf4 18. e3 Qb8 19. Qa3 Kd7 20. Qd3 g5 21. Nc3 Qd6 22. a3 a6 23. Na4 Ke7 24. Nc5 Ra7 25. b4 Nd7 26. 0-0 Nf6 27. f4 gxf4 28. exf4 b6 29. Nb3 Ne4 30. f5 exf5 31. Rxf5 Kf8 32. Re1 Ne7 33. Rff1 Ng6 34. Bxe4 dxe4 35. Rxe4 Re7 36. Nd2 b5 37. Qf3 Rd7 38. Qe3 Rd8 39. Re1 Kg8 40. Nf1 Kh7 41. Ng3 Rhf8 42. Nf5 Qd5 43. h4 Qc4 44. Qg5 Qc3 45. h5 Rd6 46. hxg6+ Rxg6 47. Qh4+ 1-0

[Event "Pan American-ch Seniors 50"]
[Site "Neiva"]
[Date "2017.10.11"]
[Round "2"]
[White "Suaza, Jose Neyitd"]
[Black "Malakhovets, Sergey"]
[Result "0-1"]
[WhiteElo "1769"]
[BlackElo "1926"]
[PlyCount "98"]
[EventDate "2017.10.11"]
[EventType "swiss"]
[EventRounds "9"]
[EventCountry "COL"]
[SourceTitle "CBM 181 Extra"]
[Source "ChessBase"]
[SourceDate "2017.12.12"]
[SourceVersion "1"]
[SourceVersionDate "2017.12.12"]
[SourceQuality "1"]

1. e4 c5 2. Nf3 e6 3. d4 cxd4 4. Nxd4 a6 5. Nc3 Qc7 6. Be3 Nf6 7. Be2 Bb4 8. Qd3 Bxc3+ 9. bxc3 Nxe4 10. Bd2 Nxd2 11. Qxd2 0-0 12. 0-0 Nc6 13. Bd3 Ne5 14. f4 Nxd3 15. cxd3 f5 16. Rae1 b5 17. Nf3 Bb7 18. Nd4 Rac8 19. Ne2 Rf6 20. Rf2 Rg6 21. c4 Qb6 22. Ng3 h5 23. Kf1 h4 24. Ne2 h3 25. g3 Bg2+ 26. Kg1 Rf6 27. Qc3 Qc5 28. Rc1 Bb7 29. Kf1 Bg2+ 30. Ke1 Rff8 31. Qd2 bxc4 32. Rxc4 Qb5 33. Nd4 Qb1+ 34. Ke2 Rxc4 35. dxc4 Rb8 36. Nb3 Qe4+ 37. Kd1 Bf3+ 38. Kc1 Qxc4+ 39. Kb2 Bd5 40. Qe3 Qb4 41. Rc2 a5 42. Kc1 a4 43. Nd2 a3 44. Kd1 Bc6 45. Rxc6 dxc6 46. Qxe6+ Kh8 47. Qxf5 Qd6 48. Ke2 Re8+ 49. Ne4 Qd5 0-1